Top 5 Biggest Allies of every country 2# - Statistics

General Stats
  • This quiz has been taken 112 times
    34 since last reset
  • The average score is 50 of 75
Answer Stats
Answer % Correct
China
97%
China
97%
China
97%
China
97%
Russia
97%
Russia
97%
Russia
97%
India
94%
India
94%
United States
94%
United States
94%
United States
94%
United States
94%
France
90%
France
90%
Netherlands
87%
Germany
84%
Niger
84%
Niger
84%
Brazil
81%
Mexico
81%
Nigeria
81%
Argentina
77%
Democratic Republic of the Congo
77%
Democratic Republic of the Congo
77%
South Africa
77%
South Africa
77%
Indonesia
74%
Malaysia
74%
Malaysia
74%
Malaysia
74%
Nepal
74%
Serbia
74%
Singapore
74%
Luxembourg
71%
North Korea
71%
Turkey
71%
Colombia
68%
Ghana
68%
Venezuela
68%
Greece
65%
Iran
65%
Namibia
65%
Peru
65%
Togo
65%
Uruguay
65%
Albania
61%
Japan
61%
Canada
58%
Mali
58%
Romania
58%
Bangladesh
55%
Chad
55%
Ivory Coast
55%
Kosovo
55%
Haiti
52%
Jamaica
52%
Philippines
52%
Rwanda
52%
Central African Republic
48%
Kazakhstan
48%
Bahamas
45%
North Macedonia
45%
South Korea
42%
South Korea
42%
Lesotho
39%
Libya
39%
Moldova
39%
Sri Lanka
39%
Eswatini
32%
Israel
32%
Burkina Faso
26%
Maldives
23%
Belgium
16%
Republic of Congo
0%
No matching quizzes found
Score Distribution
Percent of People with Each Score
Percentile by Number Answered
Your Score History
You have not taken this quiz since the last reset